000 00672nam a2200205Ia 4500
003 GCL
005 20240530105622.0
008 140319s9999 xx 000 0 ara d
040 _aGCL /
_cGCL
082 0 4 _a728.82
_bق/م ق
110 _aالمجلس الاعلى للاثار
245 1 0 _aقصر الامير محمد على /
_cالمجلس الاعلى للاثار
250 _aط 1
260 _aالقاهرة :
_bالمجلس الاعلى للاثار ،
300 _aمتعدد :
_bصور ؛
_c24 سم
650 0 4 _aالقصور
650 0 4 _aالقصور الاسلامية
650 0 4 _aمصر - الاثار الاسلامية
942 _2ddc
_cBK
999 _c56912
_d56912